000 00215nam a2200097Ia 4500
008 240331s9999 xx 000 0 und d
082 _bMAR
100 _aMarudhadurai, A
245 0 _aTamizhel kolai chinthu
942 _cL
999 _c3639
_d3639